000 01023nam a22003017a 4500
003 CHAP
005 20220329140204.0
008 971013s1974 r 00010 d
010 _a48297
011 _a49269
035 _a53417
040 _cCHAP
090 _aTesis
100 0 0 _aVázquez Santizo, Josué I.
_9120516
245 _aComportamiento durante el almacenamiento en frío de algunas variedades de aguacate en Guatemala
260 _aGuatemala :
_bEl autor,
_c1974
300 _a78 p.
_b; gráfs.
502 _aTesis (Ing. Agrónomo. Lic. en Ciencias Agrícolas) -- Univ. de San Carlos de Guatemala. Fac. de Agronomía
590 _aALEPH
_b10
_c20130110
_lUCH01
_h1319
590 _aBATCH-UPD
_b10
_c20130110
_lUCH01
_h2211
590 _aBATCH-UPD
_b10
_c20130410
_lUCH01
_h1514
590 _aBATCH-UPD
_b10
_c20130913
_lUCH01
_h2309
590 _aCONVERSION
_b10
_c20130109
_lUCH01
_h1326
650 1 4 _aAguacate congelado.
_92563
901 _aBK
942 _cTESIS
949 _bBC
_cTES
_d-118465
_eTS1
_i53417
_si
999 _c48297
_d48297